Propuesta de red telefónica de voz sobre IP VOIP para el Centro Educativo Cristiano Antorcha Divina de Managua

El estudio propone una red de telefonía de voz sobre IP (VoIP), que satisfaga las necesidades de comunicación en el Centro Educativo Cristiano Antorcha Divina.

Bibliographic Details
Main Authors: Vargas Mercado, Hollman, Altamirano Olivares, Jeffersson Ali, Solís Silva, Reynaldo Antonio
Other Authors: Tutor: Noguera, Danilo Humberto
Format: Tesis Section = Libro
Language:Undetermined
Spanish
Published: Managua UNI 2023
Subjects:
LEADER 01030nam a2200277Ia 4500
008 240830s9999 xx 000 0 und d
040 |a BIBLIOTECA-RUPAP/ Mon 005.13 V297 
041 |a spa 
082 |a Mon 005.13 V297 
100 1 |a Vargas Mercado, Hollman 
100 1 |b Altamirano Olivares, Jeffersson Ali 
100 1 |c Solís Silva, Reynaldo Antonio 
245 1 0 |a Propuesta de red telefónica de voz sobre IP VOIP para el Centro Educativo Cristiano Antorcha Divina de Managua 
260 |a Managua  |b UNI  |c 2023 
300 |a 204 p. :il. 
500 |a Contiene: anexos y CD. 
502 |a Tesis (Ingeniero de Sistemas) - UNI, 2023. 
520 3 |a El estudio propone una red de telefonía de voz sobre IP (VoIP), que satisfaga las necesidades de comunicación en el Centro Educativo Cristiano Antorcha Divina. 
650 7 |a INTERNET 
650 7 |b  TELECOMUNICACIONES 
650 7 |c  RED TELEFONICA 
650 7 |d RED DE DATOS 
700 1 |a Tutor:  |b Noguera, Danilo Humberto 
942 |c BK  |2 ddc 
991 |a Tesis 
999 |c 27595